Statistics for Skiathos Airport (JSI) Destinations

Click here to take the quiz!

General Stats

  • This quiz has been taken 32 times
  • The average score is 28 of 35

Answer Stats

AirlineDestination% Correct
Olympic Air, Sky ExpressAthens
100%
SAS, Sunclass AirlinesCopenhagen
100%
British Airways, Jet2.com, TUILondon
100%
SAS, Sunclass AirlinesStockholm
100%
TUI Fly NetherlandsAmsterdam
94%
Condor, Eurowings DiscoverFrankfurt
94%
FinnairHelsinki
94%
Condor, Eurowings DiscoverMunich
94%
SAS, Sunclass AirlinesOslo
94%
Austrian, RyanairVienna
94%
Air SerbiaBelgrade
89%
TAROMBucharest
89%
Jet2.com, TUIManchester
89%
easyJet, NeosMilan
89%
Edelweiss AirlinesZurich
89%
Jet2.comEdinburgh
83%
Jet2.com, TUIBirmingham
78%
CondorDusseldorf
78%
Cyprus Airways, Tus AirwaysLarnaca
78%
Jet2.comLeeds
78%
Jet2.com, TUINewcastle
78%
TransaviaParis
78%
VoloteaVenice
78%
Volotea, Wizz AirBari
72%
Jet2.com, TUIBristol
72%
SASGothenburg
72%
easyJet, VoloteaNaples
72%
Volotea, Wizz AirNaples
72%
TAROMCluj
67%
RyanairPisa
56%
SASStavanger
56%
Jet2.com, TUIEast Midlands
50%
NeosVerona
50%
Avanti AirGraz
39%
Avanti AirKlagenfurt
33%

Score Distribution

Percentile by Number Answered

Percent of People with Each Score

Your Score History

You have not taken this quiz